Briefing (Record no. 81372)

MARC details
000 -LEADER
fixed length control field 01195cab a22002175a 4500
001 - CONTROL NUMBER
control field L147068
008 - FIXED-LENGTH DATA ELEMENTS--GENERAL INFORMATION
fixed length control field 090327s2009 xxk f 000 0 eng d
035 ## - SYSTEM CONTROL NUMBER
System control number (Sirsi) u147068
041 0# - LANGUAGE CODE
Language code of text/sound track or separate title eng
100 1# - MAIN ENTRY--PERSONAL NAME
Personal name Peat, M
245 04 - TITLE STATEMENT
Title Briefing
Remainder of title supply-chain management in the construction industry
260 ## - PUBLICATION, DISTRIBUTION, ETC.
Date of publication, distribution, etc. 2008
490 ## - SERIES STATEMENT
Series statement Proceedings of the Institution of Civil Engineers
-- Management, Procurement and Law
Volume/sequential designation 162(MPL) February 2009, 3-6(4)
520 ## - SUMMARY, ETC.
Summary, etc. Reports that there are fundamental and strategic trends underway in supply chains that need further facilitation and acceleration in the construction industry. Explains that this means that management needs to review each of these major supply chain trends, including outsourcing, collaborating, differentiating and compressing, to determine whether their company lies ahead of, or up-to-date with their competition. Concludes that information communication technology is an essential tool in the optimisation and improvement of supply chain management.
590 ## - LOCAL NOTE (RLIN)
Local note KA
651 #4 - SUBJECT ADDED ENTRY--GEOGRAPHIC NAME
Geographic name United Kingdom
Chronological subdivision
690 ## - LOCAL SUBJECT ADDED ENTRY--TOPICAL TERM (OCLC, RLIN)
Topical term or geographic name as entry element Project management
9 (RLIN) 6261
690 ## - LOCAL SUBJECT ADDED ENTRY--TOPICAL TERM (OCLC, RLIN)
Topical term or geographic name as entry element BUILT ENVIRONMENT-BUILDING MATERIALS
700 1# - ADDED ENTRY--PERSONAL NAME
Personal name McCrea, A
942 ## - ADDED ENTRY ELEMENTS (KOHA)
Suppress in OPAC 0
Holdings
Withdrawn status Lost status Source of classification or shelving scheme Damaged status Not for loan Home library Current library Shelving location Date acquired Total Checkouts Full call number Barcode Date last seen Copy number Price effective from Koha item type
    Dewey Decimal Classification     London London Journal article 27/03/2009   L147068 147068-1001 06/08/2019 1 06/08/2019 Journal article